Normal view
MARC view
- Network analysis and synthesis
Entry Topical Term
001 - CONTROL NUMBER
- control field: 102335
003 - CONTROL NUMBER IDENTIFIER
- control field: NUST
005 - DATE AND TIME OF LATEST TRANSACTION
- control field: 20221103154022.0
008 - FIXED-LENGTH DATA ELEMENTS
- fixed length control field: 221103|| aca||aabn | a|a d
040 ## - CATALOGING SOURCE
- Original cataloging agency: NUST
- Transcribing agency: NUST
150 ## - HEADING--TOPICAL TERM
- Topical term or geographic name entry element: Network analysis and synthesis
670 ## - SOURCE DATA FOUND
- Source citation: Work cat.: (NUST)185794: Kuo, Franklin F. 102333, Network analysis and synthesis /, 1962
